000 00868cam a22002773a 4500
001 11413
003 PGUSA
005 20140828083236.0
008 040301s2004||||xxu|||||s|||||000 1 eng d
040 _aPGUSA
_beng
042 _adc
050 4 _aPR
100 1 _aDoyle, Arthur Conan,
_d1859-1930
245 1 4 _aThe Refugees :
_bA Tale of Two Continents
_h[electronic resource] /
_cArthur Conan Doyle
260 _bProject Gutenberg,
_c2004
506 _aPublic domain in the USA.
516 _aElectronic text
653 _aHistorical fiction
653 _aPersecution -- Fiction
653 _aHuguenots -- Fiction
653 _aCanada -- History -- To 1763 (New France) -- Fiction
653 _aFrance -- History -- Louis XIV, 1643-1715 -- Fiction
830 0 _aProject Gutenberg
_v11413
856 4 0 _uhttp://www.gutenberg.org/ebooks/11413
942 _cEB
999 _c240668
_d240668